Datum a čas kvízu
32.5
Celkem bodů
Celkový počet nahraných bodů na tomto kvízu bez doplňovacích otázek.
2.
Pořadí na kvízu
Konečné umístění týmu na tomto kvízu.
Zaznamenané odpovědi
| # | Otázka | Odpověď | Body | Výsledky |
|---|---|---|---|---|
| 1. | Ve čtvrtek 16.června na Kontak... | D) primátor Liberce Jaroslav Zámečník | 0 | |
| 2. | Minulý týden bylo rozhodnuto o... | Julian Assange | 1 | |
| 3. | Andrej Babiš navštívil festiva... | Mirai | 0 | |
| 4. | V Moskvě bylo otevřeno prvních... | Chutně a tečka / Vkusno & točka | 0 | |
| 5. | Basketbalová NBA již zná svého... | Golden State Warriors | 1 | |
| 6. | V následujících pěti otázkách... | Vykoupení z věznice Shawshank; Tim Robbins a Morgan Freeman | 0.5 | |
| 7. | Francouzská komedie Drž hubu!... | Ruby, Quentin | 0 | |
| 8. | V roce 2013 byl natočen životo... | James Hunt, Niki Lauda | 1 | |
| 9. | Jak zní příjmení manželského p... | Márovi | 1 | |
| 10. | Přiřaďte k sobě herecké předst... | 1A 2C 3D 4B | 1 |